LEADER 02074nam 2200589 450 001 9910460704803321 005 20200520144314.0 010 $a88-921-5515-6 035 $a(CKB)3710000000453130 035 $a(EBL)2097534 035 $a(SSID)ssj0001576119 035 $a(PQKBManifestationID)16245385 035 $a(PQKBTitleCode)TC0001576119 035 $a(PQKBWorkID)14854524 035 $a(PQKB)11771351 035 $a(MiAaPQ)EBC2097534 035 $a(Au-PeEL)EBL2097534 035 $a(CaPaEBR)ebr11079149 035 $a(OCoLC)914433775 035 $a(EXLCZ)993710000000453130 100 $a20150730h20132013 uy 0 101 0 $aita 135 $aur|n|---||||| 181 $ctxt 182 $cc 183 $acr 200 10$aConcorso di persone e reati accessori /$fManuel Bianchi 210 1$aTurin, [Italy] :$cG. Giappichelli Editore,$d2013. 210 4$d©2013 215 $a1 online resource (185 p.) 300 $aDescription based upon print version of record. 311 $a88-348-7636-9 320 $aIncludes bibliographical references. 327 $aCover; Quartino; Dedica; INDICE; RINGRAZIAMENTI; PREFAZIONE; CAPITOLO I - L'EMANCIPAZIONE DEI DELITTI ACCESSORI; CAPITOLO II - PRINCIPIO DI CAUSALITA? ED ERMENEUTICA DEL FATTO TIPICO; CAPITOLO III - IL GRADO DI UNITARIETA? DEL SISTEMA DELLA PARTECIPAZIONE DELITTUOSA; RIFERIMENTI BIBLIOGRAFICI 606 $aPrincipals (Criminal law)$zItaly$xHistory 606 $aAccomplices$zItaly$xHistory 606 $aPrincipals (Criminal law)$zEurope$xHistory 606 $aAccomplices$zEurope$xHistory 608 $aElectronic books. 615 0$aPrincipals (Criminal law)$xHistory. 615 0$aAccomplices$xHistory. 615 0$aPrincipals (Criminal law)$xHistory. 615 0$aAccomplices$xHistory. 676 $a345.4503 700 $aBianchi$b Manuel$0524978 801 0$bMiAaPQ 801 1$bMiAaPQ 801 2$bMiAaPQ 906 $aBOOK 912 $a9910460704803321 996 $aConcorso di persone e reati accessori$9822934 997 $aUNINA LEADER 00613nam a2200181 u 4500 001 991004305030007536 005 20240201142430.0 008 240201s1966 it r 2 000 0 ita d 040 $aBibl. Interfacoltà T. Pellegrino$bita 041 0 $aita 100 1 $aAccaputo, Nino$0131153 245 10$aSulla genesi della "Préface" dell'Adone /$cNino Accaputo 260 $aNapoli :$bGenovese,$c1966 300 $aP. 3-26 ;$c24 cm 500 $aEstr. da: Annali dell'Istituto Universitario Navale di Napoli - v. 35 912 $a991004305030007536 996 $aSulla genesi della Prèface dell'Adone$9446672 997 $aUNISALENTO LEADER 01480nam 2200421 450 001 9910822778803321 005 20230803044113.0 010 $a88-921-5658-6 035 $a(CKB)5120000000186309 035 $a(MiAaPQ)EBC2071051 035 $a(Au-PeEL)EBL2071051 035 $a(CaPaEBR)ebr11066253 035 $a(OCoLC)922336952 035 $a(EXLCZ)995120000000186309 100 $a20150627h20132013 uy 0 101 0 $aita 135 $aurcnu|||||||| 181 $2rdacontent 182 $2rdamedia 183 $2rdacarrier 200 00$aEsterovestizione societaria $edisciplina tributaria e profili tecnico-operativi : disciplina normativa nazionale e convenizonale, problematicita? tecnico-operative, rilevanza delle prove "digitali" nella ricostruzione dell'ipotesi di esterovestiizione, casi pratici, soluzioni giurisprudenziali /$fMarco Bargagli [and five others] ; Claudio Sacchetto (a cura di) 210 1$aTurin, [Italy] :$cG. Giappichelli Editore,$d2013. 210 4$d©2013 215 $a1 online resource (416 pages) $cillustrations 311 $a88-348-9962-8 320 $aIncludes bibliographical references. 606 $aTax evasion 615 0$aTax evasion. 676 $a336.20019 702 $aBargagli$b Marco 702 $aSacchetto$b Claudio 801 0$bMiAaPQ 801 1$bMiAaPQ 801 2$bMiAaPQ 906 $aBOOK 912 $a9910822778803321 996 $aEsterovestizione societaria$9829241 997 $aUNINA